000
00202 a2200097 4500
001
3882
100
_a
Hanson, J.L
245
_a
Economics for students
260
_a
_b
Macdonald
_c
090
_c
3112
_d
3112
942
_a
NUST-CAE
_c
M
_c
23470
999
_c
238955
_d
238955